Cleveland Guardians: All-Star Selections - Statistics

General Stats
  • This quiz has been taken 362 times
    107 since last reset
  • The average score is 27 of 124
Answer Stats
Position Amount of Selections Player % Correct
3B 6 José Ramírez
91%
OF 4 Manny Ramírez
89%
1B 3 Jim Thome
72%
P 8 Bob Feller
70%
P 3 Corey Kluber
70%
P 2 Shane Bieber
69%
SS 4 Francisco Lindor
67%
1B 1 Carlos Santana
64%
P 3 Emmanuel Clase
64%
LF 4 Albert Belle
61%
3B 1 Buddy Bell
59%
P 3 Gary Bell
59%
2B 3 Roberto Alomar
59%
C 6 Sandy Alomar
59%
P 1 Trevor Bauer
59%
CF 5 Kenny Lofton
53%
CF 3 Grady Sizemore
50%
SS 3 Omar Vizquel
50%
LF 1 Steven Kwan
50%
P 1 Dennis Martínez
45%
C 3 Victor Martinez
45%
2B 1 Andrés Giménez
44%
P 7 Bob Lemon
44%
P 3 CC Sabathia
44%
DH 1 David Fry
44%
OF | P 1 Al Smith
41%
C 1 Yan Gomes
41%
P 1 Cliff Lee
39%
P 3 Doug Jones
39%
2B 2 Jason Kipnis
39%
1B 1 Josh Naylor
39%
P 1 Andrew Miller
34%
2B 3 Carlos Baerga
34%
P 2 Chris Pérez
34%
SS 8 Lou Boudreau
33%
CF 7 Larry Doby
30%
CF 6 Earl Averill
28%
P 2 Gaylord Perry
28%
P 1 Jim Perry
28%
P 1 Roberto Hernández
27%
P 1 Johnny Allen
25%
OF 3 Michael Brantley
25%
3B 4 Al Rosen
23%
P 3 Early Wynn
23%
P 2 José Mesa
23%
P 1 Bartolo Colon
22%
OF 1 Juan González
20%
RF 3 Rocky Colavito
20%
SS 2 Asdrúbal Cabrera
19%
RF 1 David Justice
19%
P 6 Sam McDowell
19%
P 3 Charles Nagy
17%
P 3 Mike García
17%
P 1 Justin Masterson
16%
P 4 Mel Harder
16%
DH 2 Andre Thornton
14%
P 1 Jake Westbrook
14%
C 1 Jim Hegan
14%
2B 3 Joe Gordon
14%
P 1 Len Barker
14%
3B 1 Travis Fryman
14%
P 1 Bert Blyleven
13%
P 1 Brad Hand
13%
P 2 Herb Score
13%
P 1 Luis Tiant
13%
C 2 Ray Fosse
13%
P 1 Bob Wickman
11%
3B 2 Brook Jacoby
11%
P 1 Dennis Eckersley
11%
P 1 Greg Swindell
11%
P 1 Rick Sutcliffe
11%
P 1 Wes Ferrell
11%
2B 3 Bobby Avila
9%
C 1 Buddy Rosar
9%
LF 1 Dale Mitchell
9%
P 1 Ken Keltner
9%
1B 1 Pat Tabler
9%
3B 1 Toby Harrah
9%
C 1 Bo Díaz
8%
P 1 Chuck Finley
6%
2B 1 Manny Trillo
6%
OF 1 Matt Lawton
6%
3B 2 Max Alvis
6%
P 1 Mudcat Grant
6%
2B 1 Ray Mack
6%
RF 1 Vic Wertz
6%
P 1 Danny Salazar
5%
C 6 John Romano
5%
P 1 Steve Hargan
5%
OF 2 Tito Francona
5%
CF 1 Vic Davalillo
5%
P 2 Barry Latman
3%
P 2 Dave LaRoche
3%
P 3 Dick Donovan
3%
P 1 Don Mossi
3%
C 2 Frankie Hayes
3%
OF 2 George Hendrick
3%
P 2 Jim Bagby
3%
P 2 Jim Kern
3%
C 1 Joe Azcue
3%
P 1 Ken Schrom
3%
1B 1 Mickey Vernon
3%
LF 3 Minnie Miñoso
3%
2B 1 Ronnie Belliard
3%
P 1 Sonny Siebert
3%
1B 6 Vic Power
3%
P 2 Cal McLish
2%
OF 3 Harvey Kuenn
2%
P 1 Jack Kralick
2%
LF 2 Jeff Heath
2%
2B 3 Johnny Temple
2%
P 2 Ray Narleski
2%
RF 1 Roy Cullenbine
2%
P 1 Sid Monge
2%
P 1 Steve Gromek
2%
P 1 Allie Reynolds
0%
P 1 Al Milnar
0%
P 3 Dick Stigman
0%
LF 1 Joe Vosmik
0%
2B 1 Jorge Orta
0%
P 1 Oral Hildebrand
0%
OF 1 Oris Hockett
0%
C 2 Rollie Hemsley
0%
No matching quizzes found
Score Distribution
Percent of People with Each Score
Percentile by Number Answered
Your Score History
You have not taken this quiz since the last reset